000 00619nam a22002177a 4500
003 UA-OsUOA
001 111455
007 ta
008 20150525b un ||||| |||| 00| 0 ukr d
100 _aТурак Н.
090 _a32
_bТ86
942 _cSA
040 _aUA-OsUOA
_bukr
_cUA-OsUOA
_dUA-OsUOA
245 _aНеЩастя російського спецназу. Полонених російських військовослужбовців судитимуть в Україні
300 _aС.2
955 _a0
041 _aukr
080 _a32
773 0 _w111454
650 7 _a32 Політика
_2UDC
999 _c397601
_d397601